header

Dreaming in the classroom (Record no. 182219)

MARC details
000 -LEADER
fixed length control field 01604nam a2200397Ia 4500
082 04 - DEWEY DECIMAL CLASSIFICATION NUMBER
Classification number 154.6/3071
100 1# - MAIN ENTRY--AUTHOR NAME
Personal name King, Philip,
245 10 - TITLE STATEMENT
Title Dreaming in the classroom
260 ## - PUBLICATION, DISTRIBUTION, ETC. (IMPRINT)
Place of publication Albany :
Name of publisher State University of New York Press,
Year of publication c2011.
300 ## - PHYSICAL DESCRIPTION
Number of Pages x, 307 p.
490 1# - SERIES STATEMENT
Series statement SUNY series in dream studies
650 #0 - SUBJECT ADDED ENTRY--TOPICAL TERM
Topical Term Dreams
Topical Term Education.
700 1# - ADDED ENTRY--PERSONAL NAME
Personal name Bulkeley, Kelly,
Personal name Welt, Bernard,
856 40 - ELECTRONIC LOCATION AND ACCESS
Uniform Resource Identifier http://site.ebrary.com/lib/rucke/Doc?id=10574093

No items available.

© 2026 Rongo University
Contact us: librarian | system librarian | Rongo university